The Englishman's Greek concordance of the New Testament; (Record no. 6674)
[ view plain ]
| 000 -LEADER | |
|---|---|
| fixed length control field | 01222cam a2200301 4500 |
| 001 - CONTROL NUMBER | |
| control field | 42990 |
| 003 - CONTROL NUMBER IDENTIFIER | |
| control field | GBCCL |
| 005 - DATE AND TIME OF LATEST TRANSACTION | |
| control field | 20241126110608.0 |
| 008 - FIXED-LENGTH DATA ELEMENTS--GENERAL INFORMATION | |
| fixed length control field | 720713r19701903miu d 001 0 eng |
| 010 ## - | |
| -- | 71106435 //r81 |
| 020 ## - INTERNATIONAL STANDARD BOOK NUMBER | |
| International Standard Book Number | 0310203201 |
| 035 ## - SYSTEM CONTROL NUMBER | |
| System control number | (OCoLC)00379132 |
| 040 ## - CATALOGING SOURCE | |
| Original cataloging agency | DLC |
| Transcribing agency | DLC |
| 041 0# - | |
| -- | enggrc |
| 049 ## - | |
| -- | LBBK |
| -- | LBBQ |
| -- | LBBN |
| -- | LBBC |
| 050 0# - | |
| -- | BS2302 |
| -- | .W495 1970 |
| 082 0# - DEWEY DECIMAL CLASSIFICATION NUMBER | |
| Classification number | 225.48 |
| Edition information | 19 |
| Item number | WIG |
| 092 ## - LOCALLY ASSIGNED DEWEY CALL NUMBER (OCLC) | |
| Classification number | 225.2 |
| Item number | W662, 1970 |
| 100 1# - MAIN ENTRY--PERSONAL NAME | |
| Personal name | Wigram, George V. |
| 9 (RLIN) | 11925 |
| 245 14 - TITLE STATEMENT | |
| Title | The Englishman's Greek concordance of the New Testament; |
| Remainder of title | being an attempt at a verbal connexion between the Greek and the English texts: including a concordance to the proper names; with indexes, Greek-English and English-Greek; and a concordance of various readings |
| Statement of responsibility, etc. | [by George V. Wigram] |
| 250 ## - EDITION STATEMENT | |
| Edition statement | 9th ed., in which is added a vocabulary of New Testament Greek. |
| 260 ## - PUBLICATION, DISTRIBUTION, ETC. | |
| Place of publication, distribution, etc. | Grand Rapids, Mich., |
| Name of publisher, distributor, etc. | Zondervan Pub. House |
| Date of publication, distribution, etc. | [1970] |
| 300 ## - PHYSICAL DESCRIPTION | |
| Extent | xxxv, 1020, 14, iv, 71 p. |
| Dimensions | 25 cm. |
| 500 ## - GENERAL NOTE | |
| General note | Ninth ed. first published in 1903. |
| 500 ## - GENERAL NOTE | |
| General note | Edition of 1979 published under title: The Englishman's Greek concordance. |
| 630 00 - SUBJECT ADDED ENTRY--UNIFORM TITLE | |
| Uniform title | Bible. |
| Name of part/section of a work | N.T. |
| General subdivision | Concordances, Greek. |
| 9 (RLIN) | 11926 |
| 942 ## - ADDED ENTRY ELEMENTS (KOHA) | |
| Source of classification or shelving scheme | Dewey Decimal Classification |
| Koha item type | Reference Books |
| Withdrawn status | Lost status | Source of classification or shelving scheme | Damaged status | Not for loan | Home library | Current Library | Shelving location | Date acquired | Total checkouts | Full call number | Barcode | Date last seen | Copy number | Price effective from | Koha item type |
|---|---|---|---|---|---|---|---|---|---|---|---|---|---|---|---|
| Dewey Decimal Classification | GRACE BIBLE COLLEGE | GRACE BIBLE COLLEGE | Concordance | 2018-05-23 | 225.48 WIG | 000308 | 2025-05-01 | c.1 | 2018-05-23 | Reference Books |